000
00286nam a2200121Ia 4500
008
240624s9999 xx 000 0 und d
041
_a
eng
082
_a
172.2 SAN
100
_a
SANDEL MICHAEL J
245
_a
JUSTICE WHAT S THE RIGHT THING TO DO
260
_c
2010
300
_a
320 : p.
999
_c
18117
_d
18117